Embedded realtime systems programming / (Record no. 758)

MARC details
000 -LEADER
fixed length control field 00550cac a22001691u 4500
008 - FIXED-LENGTH DATA ELEMENTS--GENERAL INFORMATION
fixed length control field 081102t2004 xxu|||||r|||| 00| 0 eng d
020 ## - INTERNATIONAL STANDARD BOOK NUMBER
International Standard Book Number 0070482845
020 ## - INTERNATIONAL STANDARD BOOK NUMBER
International Standard Book Number 9788120322110
082 ## - DEWEY DECIMAL CLASSIFICATION NUMBER
Classification number 001.642
Item number SRI
Edition number 22
100 ## - MAIN ENTRY--PERSONAL NAME
Personal name Sriram, V Iyer
9 (RLIN) 17864
245 ## - TITLE STATEMENT
Title Embedded realtime systems programming /
Statement of responsibility, etc V Iyer Sriram.
260 ## - PUBLICATION, DISTRIBUTION, ETC. (IMPRINT)
Place of publication, distribution, etc New Delhi :
Name of publisher, distributor, etc Tata McGraw-Hill,
Date of publication, distribution, etc 2004.
300 ## - PHYSICAL DESCRIPTION
Extent 321 p. :
Other physical details ill. ;
Dimensions 24 cm.
500 ## - GENERAL NOTE
General note Includes index.
650 ## - SUBJECT ADDED ENTRY--TOPICAL TERM
Topical term or geographic name as entry element Systems programming (Computer science).
9 (RLIN) 17865
942 ## - ADDED ENTRY ELEMENTS (KOHA)
Item type Book - Borrowing
Call number prefix 001.642S77426
Source of classification or shelving scheme Dewey Decimal Classification
Holdings
Withdrawn status Item status Source of classification or shelving scheme Damaged status Not for loan Vendor Home library Current library Shelving location Date acquired Source of acquisition Total Checkouts Full call number Barcode Date last seen Date last borrowed Koha item type
    Dewey Decimal Classification       Central Library Central Library Lower Floor 27/07/2006   2 001.642 SRI 000003828 15/07/2025 24/12/2018 Book - Borrowing